[Event "GER-chT School WK 3"]
[Site "Playchess.com INT"]
[Date "2020.06.15"]
[Round "5.3"]
[White "Petrosyan, Ruben"]
[Black "Knuepfer, Johannes"]
[Result "1-0"]
[WhiteElo "1690"]
[BlackElo "1620"]
[PlyCount "39"]
[EventDate "2020.06.15"]
[EventType "team-swiss (blitz)"]
[EventRounds "5"]
[EventCountry "GER"]
[SourceTitle "EXT 2021"]
[Source "ChessBase"]
[SourceDate "2020.10.23"]
[SourceVersion "1"]
[SourceVersionDate "2020.10.23"]
[SourceQuality "1"]
[WhiteTeam "Trier MGP"]
[BlackTeam "Halle Cantor Gymn"]
[WhiteTeamCountry "GER"]
[BlackTeamCountry "GER"]

1. e4 e5 2. Nf3 Nc6 3. Bc4 Bc5 4. Nc3 d6 5. h3 Nf6 6. d3 Be6 7. Bxe6 fxe6 8. Bg5 h6 9. Bxf6 Qxf6 10. 0-0 0-0-0 11. a3 g5 12. b4 Bd4 13. Nxd4 Nxd4 14. Rb1 Rdg8 15. Ne2 g4 16. hxg4 Qg5 17. Nxd4 exd4 18. f3 h5 19. Kf2 hxg4 20. Qe2 1-0

[Event "GER-chT School WK 3"]
[Site "Playchess.com INT"]
[Date "2020.06.15"]
[Round "4.3"]
[White "Reich, Elisabeth"]
[Black "Petrosyan, Ruben"]
[Result "1-0"]
[WhiteElo "1788"]
[BlackElo "1690"]
[PlyCount "101"]
[EventDate "2020.06.15"]
[EventType "team-swiss (blitz)"]
[EventRounds "5"]
[EventCountry "GER"]
[SourceTitle "EXT 2021"]
[Source "ChessBase"]
[SourceDate "2020.10.23"]
[SourceVersion "1"]
[SourceVersionDate "2020.10.23"]
[SourceQuality "1"]
[WhiteTeam "Naila Hochfranken Gymn"]
[BlackTeam "Trier MGP"]
[WhiteTeamCountry "GER"]
[BlackTeamCountry "GER"]

1. e4 e6 2. d3 d5 3. Nd2 Nc6 4. Ngf3 Bd6 5. g3 Nf6 6. Bg2 0-0 7. 0-0 dxe4 8. dxe4 h6 9. Re1 Re8 10. e5 Bxe5 11. Nxe5 Nxe5 12. Rxe5 Qd6 13. Re1 Qc5 14. c3 Ng4 15. Qxg4 e5 16. Qd1 c6 17. Qc2 Bd7 18. Nf3 f6 19. Qb3+ Kf8 20. Qxb7 Bf5 21. Qb3 Rab8 22. Qa3 Qxa3 23. bxa3 Kg8 24. Be3 a6 25. Nh4 Bd7 26. Red1 Rb7 27. Rab1 Rxb1 28. Rxb1 Re6 29. Rb7 Rd6 30. Bc5 Rd1+ 31. Bf1 Bh3 32. Ng2 Kh7 33. Bf8 Kg6 34. Rxg7+ Kf5 35. Ne3+ Ke4 36. Nxd1 f5 37. Bxh3 f4 38. gxf4 exf4 39. Re7+ Kd3 40. Nb2+ Kc2 41. Nc4 Kxc3 42. Ne5 c5 43. Bg7 a5 44. Nd7+ Kc2 45. Bf5+ Kd2 46. Nxc5 f3 47. Re3 a4 48. Rd3+ Ke2 49. Bg4 h5 50. Bxf3+ Ke1 51. Bc3# 1-0